The noble scholar, jurist, historian


 His Excellency Dr. Abdul Wahhab bin Ibrahim Abu Sulaiman, may Allah have mercy on him.


 He was born in Umm Al-Qura in the year 1356 AH.

الهمزية / (Record no. 14808)

MARC details
000 -LEADER
fixed length control field 00753cam a22002291i 4500
003 - CONTROL NUMBER IDENTIFIER
control field SA-RiAUC
005 - DATE AND TIME OF LATEST TRANSACTION
control field 20260419121323.0
008 - FIXED-LENGTH DATA ELEMENTS--GENERAL INFORMATION
fixed length control field 260415s2003 ua a g 00000 ara c
040 ## - CATALOGING SOURCE
Original cataloging agency SA-JeALM
Description conventions rda
Language of cataloging ara
082 00 - DEWEY DECIMAL CLASSIFICATION NUMBER
Classification number 811,82
082 04 - DEWEY DECIMAL CLASSIFICATION NUMBER
Classification number 811.062
Assigning agency SA-RiAUC
090 ## - LOCALLY ASSIGNED LC-TYPE CALL NUMBER (OCLC); LOCAL CALL NUMBER (RLIN)
Classification number (OCLC) (R) ; Classification number, CALL (RLIN) (NR) 811.062
Local cutter number (OCLC) ; Book number/undivided call number, CALL (RLIN) ف ط ا
100 1# - MAIN ENTRY--PERSONAL NAME
Personal name فطاني، ابراهيم داود
Relator term مؤلف.
245 12 - TITLE STATEMENT
Title الهمزية /
Statement of responsibility, etc. ابراهيم داود فطاني
300 ## - PHYSICAL DESCRIPTION
Extent 30 صفحة :
Other physical details إيضاحيات ؛
Dimensions 16 سم .
336 ## - CONTENT TYPE
Content type term نص
Content type code txt
Source rdacontent
Materials specified كتاب
337 ## - MEDIA TYPE
Media type term بدون وسيط
Media type code n
Source rdamedia
650 #7 - SUBJECT ADDED ENTRY--TOPICAL TERM
Topical term or geographic name entry element الشعر الديني
Source of heading or term aucsh
650 #7 - SUBJECT ADDED ENTRY--TOPICAL TERM
Topical term or geographic name entry element المدائح النبوية
Source of heading or term aucsh
942 ## - ADDED ENTRY ELEMENTS (KOHA)
Source of classification or shelving scheme Dewey Decimal Classification
Koha item type Books
Suppress in OPAC No
949 ## - LOCAL PROCESSING INFORMATION (OCLC)
a SA-JeALM
d 260415
u osman123
n 1
Holdings
Withdrawn status Lost status Source of classification or shelving scheme Damaged status Not for loan Home library Current library Date acquired Total checkouts Full call number Barcode Date last seen Price effective from Koha item type
    Dewey Decimal Classification     DR AbdElwahab Library DR AbdElwahab Library 04/19/2026   811.062 ف ط ا 000023402 04/19/2026 04/19/2026 Books